| 000 | 00824nam a22002655i 4500 | ||
|---|---|---|---|
| 001 | 11025 | ||
| 003 | ES-MaACL | ||
| 005 | 20250719173736.0 | ||
| 007 | t| | ||
| 008 | 950221s1994 sp ||||0| spa j | ||
| 020 | _a84-7658-437-7 | ||
| 040 |
_aM-BN _bspa _cM-BN |
||
| 080 | _a82-3.09 | ||
| 100 | 1 |
_aVillanueva, Darío, _d1950- _9241353 |
|
| 245 | 1 | 0 |
_aEstructura y tiempo reducido en la novela / _cDarío Villanueva. |
| 250 | _a1ª ed. | ||
| 260 |
_aBarcelona : _bAnthropos, _c1994. |
||
| 300 |
_a447 p ; _c20 cm. |
||
| 490 | 1 |
_aAutores, textos y temas. Literatura ; _v20 |
|
| 504 | _aBibliografía: p. 437-447. | ||
| 650 | 1 | 4 |
_aNovela- _xHistoria y crítica. _915603 |
| 830 | 0 |
_aAutores, textos y temas. Literatura ; _v20 _9177410 |
|
| 852 |
_aES-MaACL _jL-18328 _bR.123006 |
||
| 999 |
_c11025 _d11025 |
||